| 000 | 00452nam a2200133Ia 4500 | ||
|---|---|---|---|
| 008 | 180523s9999 xx 000 0 und d | ||
| 020 | _a9789719809333 | ||
| 100 | _aNocon, Rizaldi C. | ||
| 245 |
_cRizaldi C. Nocon, Ederlina G. Nocon. _aEssential mathematics for the modern world |
||
| 260 |
_aQuezon City : _bC & E Publishing _c2018 |
||
| 300 |
_ax, 503 pages : _billustrations ; _c26 cm. |
||
| 650 | _aMathematical statistics. | ||
| 650 | _aMathematics. | ||
| 999 |
_c357907 _d357907 |
||